[Event "Arco op 41st"]
[Site "Arco"]
[Date "2019.10.11"]
[Round "8"]
[White "Sprotte, Norbert"]
[Black "Trauth, Michael"]
[Result "0-1"]
[WhiteElo "2177"]
[BlackElo "2073"]
[PlyCount "128"]
[EventDate "2019.10.04"]
[EventType "swiss"]
[EventRounds "9"]
[EventCountry "ITA"]
[SourceTitle "EXT 2020"]
[Source "ChessBase"]
[SourceDate "2019.10.17"]
[SourceVersion "1"]
[SourceVersionDate "2019.10.17"]
[SourceQuality "1"]

1. Nf3 c5 2. c4 g6 3. g3 Bg7 4. Bg2 Nc6 5. Nc3 d6 6. 0-0 Nf6 7. d4 cxd4 8. Nxd4 Bd7 9. Nc2 0-0 10. b3 a6 11. Bd2 Rb8 12. Rc1 b5 13. cxb5 axb5 14. e4 Qb6 15. Nd5 Nxd5 16. exd5 Ne5 17. h3 Bf5 18. Nb4 Rfc8 19. g4 Rxc1 20. Bxc1 Bc8 21. Be3 Qa5 22. Qd2 Bb7 23. Rc1 Rc8 24. Rxc8+ Bxc8 25. f4 Nd7 26. Nc6 Qxd2 27. Bxd2 Kf8 28. Kf2 f5 29. g5 Nc5 30. Ke3 Bb7 31. Bf1 Ne4 32. Bxb5 Bc3 33. Bc1 Be1 34. a4 Nc3 35. Bc4 e6 36. Bd2 exd5 37. Bxe1 dxc4 38. Na5 Nd5+ 39. Kd4 cxb3 40. Bc3 Ba8 41. Nc4 Nxf4 42. a5 Ne6+ 43. Kd3 Be4+ 44. Ke3 d5 45. Nb2 f4+ 46. Kd2 Nxg5 47. Bd4 Ne6 48. Kc3 Nc7 49. Kxb3 Ke7 50. Be5 f3 51. Nd1 Kd7 52. Kc3 Kc6 53. Kd2 Ne6 54. Ke3 Ng5 55. Nf2 Kb5 56. Bg3 Bf5 57. h4 Ne4 58. Nxe4 Bxe4 59. Bc7 d4+ 60. Kf2 Kc4 61. a6 Kb3 62. Be5 d3 63. Ke3 Kc2 64. Kxe4 f2 0-1

[Event "Arco Christmas op 9th"]
[Site "Arco"]
[Date "2018.12.29"]
[Round "5"]
[White "Proietti, Tosca"]
[Black "Trauth, Michael"]
[Result "1/2-1/2"]
[WhiteElo "1791"]
[BlackElo "2134"]
[PlyCount "130"]
[EventDate "2018.12.26"]
[EventType "swiss"]
[EventRounds "7"]
[EventCountry "ITA"]
[SourceTitle "CBM 188 Extra"]
[Source "ChessBase"]
[SourceDate "2019.02.26"]
[SourceVersion "1"]
[SourceVersionDate "2019.02.26"]
[SourceQuality "1"]

1. e4 c5 2. Nc3 Nc6 3. g3 g6 4. Bg2 Bg7 5. d3 Rb8 6. Be3 d6 7. Qd2 b5 8. a3 Bd7 9. Nge2 h5 10. h3 Qc8 11. f4 Nd4 12. Nd1 e5 13. Nc1 Ne7 14. c3 Ndc6 15. Nf2 f5 16. 0-0 h4 17. Ne2 hxg3 18. Nxg3 exf4 19. Bxf4 Ne5 20. Rae1 0-0 21. Bg5 N7c6 22. exf5 gxf5 23. Nh5 Rf7 24. Bh6 Bxh6 25. Qxh6 Qf8 26. Qg5+ Kh8 27. Kh1 Qe7 28. Qf4 Rh7 29. Ng3 Rh4 30. Nxf5 Rxf4 31. Nxe7 Nxe7 32. d4 cxd4 33. cxd4 Rxd4 34. Ng4 N7g6 35. Nh6 Nf4 36. Be4 Nxh3 37. Kg2 Ng5 38. Rh1 Nxe4 39. Nf5+ Kg8 40. Nxd4 Nf6 41. Rhf1 Kg7 42. Rc1 Rh8 43. Rc7 Kg6 44. Rg1 Rh4 45. Kf1+ Kh5 46. Ne2 Bh3+ 47. Kf2 Ne4+ 48. Ke3 Nc4+ 49. Rxc4 bxc4 50. Nf4+ Kh6 51. Kxe4 d5+ 52. Kf3 Bf5 53. Rg8 Be4+ 54. Kg3 Rh1 55. Rh8+ Kg5 56. Ne6+ Kf6 57. Rxh1 Bxh1 58. Nd4 Ke5 59. Nc6+ Ke4 60. Nxa7 d4 61. Nb5 d3 62. Kf2 Kd5 63. Ke3 Kc5 64. Nc3 Bc6 65. Kd2 Kd4 1/2-1/2

[Event "Arco op 40th"]
[Site "Arco"]
[Date "2018.10.19"]
[Round "7"]
[White "Massironi, Marco"]
[Black "Trauth, Michael"]
[Result "1/2-1/2"]
[WhiteElo "2226"]
[BlackElo "2109"]
[PlyCount "91"]
[EventDate "2018.10.13"]
[EventType "swiss"]
[EventRounds "9"]
[EventCountry "ITA"]
[SourceTitle "CBM 186 Extra"]
[Source "ChessBase"]
[SourceDate "2018.08.24"]
[SourceVersion "1"]
[SourceVersionDate "2018.08.24"]
[SourceQuality "1"]

1. e4 c5 2. Nf3 Nc6 3. d4 cxd4 4. Nxd4 g6 5. c4 Nf6 6. Nc3 d6 7. Be2 Nxd4 8. Qxd4 Bg7 9. Be3 0-0 10. Qd2 a5 11. 0-0 a4 12. Bd4 Qa5 13. Rad1 Bd7 14. Bxf6 Bxf6 15. Nd5 Qxd2 16. Nxf6+ Kg7 17. Rxd2 Kxf6 18. c5 Bc6 19. cxd6 Rfd8 20. f4 Bxe4 21. Rfd1 Rxd6 22. Rxd6+ exd6 23. Rxd6+ Ke7 24. Rd4 Bc6 25. a3 Rd8 26. Rxd8 Kxd8 27. g4 h6 28. g5 hxg5 29. fxg5 Ke7 30. Kf2 Ke6 31. Ke3 Ke5 32. Bc4 Bd5 33. Bb5 Bb3 34. Bd7 b6 35. h4 Kd6 36. Bg4 Ke5 37. Bh3 Be6 38. Bf1 Bb3 39. Bd3 Bd5 40. Bc2 Bb3 41. Be4 Bd5 42. Bc2 Bb3 43. Bxb3 axb3 44. a4 Kf5 45. Kf3 Ke5 46. Ke3 1/2-1/2

[Event "Arco op 40th"]
[Site "Arco"]
[Date "2018.10.15"]
[Round "3"]
[White "Felgendreher, Heiko"]
[Black "Trauth, Michael"]
[Result "1-0"]
[WhiteElo "2234"]
[BlackElo "2109"]
[PlyCount "93"]
[EventDate "2018.10.13"]
[EventType "swiss"]
[EventRounds "9"]
[EventCountry "ITA"]
[SourceTitle "CBM 186 Extra"]
[Source "ChessBase"]
[SourceDate "2018.08.24"]
[SourceVersion "1"]
[SourceVersionDate "2018.08.24"]
[SourceQuality "1"]

1. e4 c5 2. Nf3 Nc6 3. d4 cxd4 4. Nxd4 g6 5. Nc3 Bg7 6. Be3 Nf6 7. Bc4 0-0 8. Bb3 a5 9. 0-0 a4 10. Nxa4 Nxe4 11. Nb5 d5 12. Bb6 Qd7 13. Qe2 Nd6 14. Rad1 Rxa4 15. Bxa4 Nc4 16. Bc5 Nxb2 17. Bb3 Nxd1 18. Rxd1 d4 19. c3 e5 20. Bxf8 Kxf8 21. cxd4 exd4 22. Qc4 Qe7 23. Qxf7+ Qxf7 24. Bxf7 Bg4 25. f3 Kxf7 26. fxg4 Ke6 27. Kf2 Be5 28. Na3 Kd5 29. Rb1 Bd6 30. Nb5 Be5 31. Ke2 Bxh2 32. Rh1 Bf4 33. Rxh7 Kc4 34. Rxb7 d3+ 35. Kd1 Nb4 36. Na3+ Kc3 37. Nb1+ Kc4 38. Nd2+ Kc5 39. g3 Be5 40. a4 Nd5 41. a5 Nc3+ 42. Ke1 Bxg3+ 43. Kf1 Kd4 44. a6 Bf4 45. Nb3+ Ke3 46. a7 Ne4 47. Re7 1-0

[Event "Arco op 40th"]
[Site "Arco"]
[Date "2018.10.13"]
[Round "1"]
[White "Buchner, Martin"]
[Black "Trauth, Michael"]
[Result "0-1"]
[WhiteElo "1730"]
[BlackElo "2109"]
[PlyCount "66"]
[EventDate "2018.10.13"]
[EventType "swiss"]
[EventRounds "9"]
[EventCountry "ITA"]
[SourceTitle "CBM 186 Extra"]
[Source "ChessBase"]
[SourceDate "2018.08.24"]
[SourceVersion "1"]
[SourceVersionDate "2018.08.24"]
[SourceQuality "1"]

1. d4 Nf6 2. Nf3 c5 3. c3 e6 4. e3 b6 5. Bd3 Bb7 6. Nbd2 Nc6 7. 0-0 Be7 8. a3 d5 9. b4 0-0 10. Bb2 Qc7 11. b5 Na5 12. Ne5 Ne4 13. Bxe4 dxe4 14. Rc1 c4 15. f4 exf3 16. Nexf3 f5 17. Qe2 Bd6 18. e4 Bf4 19. Rce1 Rae8 20. a4 Bd6 21. e5 Be7 22. Ra1 Bd5 23. Ba3 Bxa3 24. Rxa3 Rc8 25. Ne1 Nb3 26. Nc2 Qe7 27. Qe3 Qh4 28. Qf4 Qxf4 29. Rxf4 Nxd2 30. Ra1 Ne4 31. Ra3 g5 32. Rf1 Nd2 33. Nb4 Nxf1 0-1

[Event "Arco op-A 39th"]
[Site "Arco"]
[Date "2017.10.11"]
[Round "5"]
[White "Tuerschmann, Steffen"]
[Black "Trauth, Michael"]
[Result "1/2-1/2"]
[WhiteElo "1952"]
[BlackElo "2112"]
[PlyCount "93"]
[EventDate "2017.10.07"]
[EventType "swiss"]
[EventRounds "9"]
[EventCountry "ITA"]
[SourceTitle "CBM 181 Extra"]
[Source "ChessBase"]
[SourceDate "2017.12.12"]
[SourceVersion "1"]
[SourceVersionDate "2017.12.12"]
[SourceQuality "1"]

1. d4 Nf6 2. Nf3 d6 3. h3 Nbd7 4. Bf4 c6 5. c3 Qc7 6. Nbd2 e5 7. dxe5 Nxe5 8. Nxe5 dxe5 9. Bh2 Bf5 10. e4 Be6 11. Bc4 Bxc4 12. Nxc4 Nd7 13. Qc2 Be7 14. 0-0 0-0 15. Rad1 Rad8 16. b3 Rfe8 17. Rfe1 g6 18. Bg3 Bc5 19. Re2 b5 20. Nb2 Nf6 21. Rxd8 Rxd8 22. Bh4 Be7 23. Bxf6 Bxf6 24. Rd2 Be7 25. Qd1 Kg7 26. Rxd8 Bxd8 27. Qd2 Qe7 28. Nd3 Qd6 29. Qc2 Bb6 30. Nb2 h5 31. Qd3 Qc5 32. Nd1 Qe7 33. Qe2 Qh4 34. Qc2 Qf4 35. Qe2 Qh4 36. Kh2 Qf6 37. Qd2 Qf4+ 38. Qxf4 exf4 39. g4 hxg4 40. hxg4 Bc7 41. f3 Be5 42. Kg2 Kf6 43. Kf1 Kg5 44. Kg2 a5 45. a4 Kf6 46. Kf1 Kg5 47. Kg2 1/2-1/2

[Event "LUX-chT 2016/17"]
[Site "Luxembourg"]
[Date "2017.04.02"]
[Round "10"]
[White "Trauth, Michael"]
[Black "Guidoreni, Jean"]
[Result "1-0"]
[WhiteElo "2128"]
[BlackElo "1895"]
[PlyCount "87"]
[EventDate "2016.09.25"]
[EventType "team-tourn"]
[EventRounds "10"]
[EventCountry "LUX"]
[SourceTitle "EXT 2018"]
[Source "ChessBase"]
[SourceDate "2017.10.13"]
[SourceVersion "1"]
[SourceVersionDate "2017.10.13"]
[SourceQuality "1"]

1. Nf3 Nf6 2. c4 e6 3. g3 d5 4. Bg2 c6 5. b3 g6 6. Bb2 Bg7 7. 0-0 0-0 8. d3 b6 9. Nbd2 Bb7 10. e4 dxe4 11. dxe4 c5 12. e5 Ne8 13. Qe2 Nc6 14. Ne4 Qc7 15. Nf6+ Nxf6 16. exf6 Bh6 17. Rad1 Rad8 18. Ne5 Rfe8 19. f4 Bf8 20. h4 Rxd1 21. Rxd1 Rd8 22. Nxc6 Rxd1+ 23. Qxd1 Bxc6 24. Be5 Qd7 25. Qxd7 Bxd7 26. Bb7 b5 27. Ba6 b4 28. Kf2 Bc6 29. Ke3 h6 30. g4 Kh7 31. g5 h5 32. Kd3 Kg8 33. Kc2 Be4+ 34. Kb2 Bc6 35. a4 Ba8 36. a5 Bc6 37. Bb5 Bb7 38. a6 Be4 39. Bb8 Bf3 40. Bd7 Be4 41. Bc8 Bc6 42. Bb7 Bxb7 43. axb7 a6 44. Bc7 1-0

[Event "LUX-chT 2016/17"]
[Site "Luxembourg"]
[Date "2016.12.11"]
[Round "5"]
[White "Haensel, Jean Marie"]
[Black "Trauth, Michael"]
[Result "0-1"]
[WhiteElo "1855"]
[BlackElo "2128"]
[PlyCount "104"]
[EventDate "2016.09.25"]
[EventType "team-tourn"]
[EventRounds "10"]
[EventCountry "LUX"]
[SourceTitle "EXT 2018"]
[Source "ChessBase"]
[SourceDate "2017.10.13"]
[SourceVersion "1"]
[SourceVersionDate "2017.10.13"]
[SourceQuality "1"]

1. d4 Nf6 2. c4 c5 3. Nf3 cxd4 4. Nxd4 Nc6 5. Nc3 g6 6. g3 Bg7 7. Bg2 0-0 8. 0-0 a6 9. Nxc6 bxc6 10. Rb1 Qc7 11. b3 d6 12. Qd3 Rb8 13. Rd1 a5 14. Bf4 Nd7 15. Na4 Ne5 16. Qd2 Bf5 17. Rbc1 Rfd8 18. h3 h5 19. e4 Be6 20. Nc3 Qc8 21. Kh2 Qa6 22. Bg5 Re8 23. Be3 c5 24. f4 Nc6 25. Qf2 Nd4 26. Bxd4 Bxd4 27. Qf3 Qc8 28. Rf1 f5 29. Qd3 Bf7 30. exf5 gxf5 31. Bf3 Qe6 32. Nd5 Qg6 33. Rce1 Bxd5 34. cxd5 Kf7 35. Re6 Bf6 36. Qd1 Rh8 37. Rg1 Rbg8 38. h4 Rb8 39. Qd3 Rb4 40. Qa6 Rd4 41. Rg2 Qh6 42. Qxa5 Rxf4 43. Bxh5+ Qxh5 44. Rxf6+ Kxf6 45. gxf4 Qxh4+ 46. Kg1 Qxf4 47. Qc3+ Qe5 48. Qd2 f4 49. Re2 Rg8+ 50. Kf1 Qf5 51. Qc3+ Kf7 52. Qe1 Qh3+ 0-1

[Event "Arco op 38th"]
[Site "Arco"]
[Date "2016.10.14"]
[Round "7"]
[White "Hilbenz, Guntram"]
[Black "Trauth, Michael"]
[Result "0-1"]
[WhiteElo "1933"]
[BlackElo "2157"]
[PlyCount "68"]
[EventDate "2016.10.08"]
[EventType "swiss"]
[EventRounds "9"]
[EventCountry "ITA"]
[SourceTitle "EXT 2017"]
[Source "ChessBase"]
[SourceDate "2016.10.25"]
[SourceVersion "1"]
[SourceVersionDate "2016.10.25"]
[SourceQuality "1"]

1. c4 Nf6 2. g3 g6 3. Bg2 Bg7 4. Nf3 0-0 5. 0-0 c5 6. Nc3 Nc6 7. d3 d5 8. cxd5 Nxd5 9. Nxd5 Qxd5 10. Be3 Bd7 11. Nd4 Qd6 12. Nxc6 Bxc6 13. Bxc6 Qxc6 14. Qc2 Rac8 15. Rac1 Qd7 16. b3 b6 17. Kg2 h5 18. h3 Rfd8 19. Rfd1 Qf5 20. Qc4 Bd4 21. Bxd4 Rxd4 22. Qa6 Qd7 23. Rc4 Rd6 24. Qa3 e5 25. Rdc1 a5 26. Qb2 Re8 27. a3 Rd4 28. b4 axb4 29. axb4 Qb5 30. Qd2 cxb4 31. Rxd4 exd4 32. Rc4 b3 33. Rb4 Qc6+ 34. Kg1 Qc3 0-1

[Event "Arco op 37th"]
[Site "Arco"]
[Date "2015.10.14"]
[Round "5"]
[White "Trauth, Michael"]
[Black "Ager, Josef"]
[Result "1/2-1/2"]
[WhiteElo "2166"]
[BlackElo "2087"]
[PlyCount "72"]
[EventDate "2015.10.10"]
[EventType "swiss"]
[EventRounds "9"]
[EventCountry "ITA"]
[SourceTitle "CBM 168 Extra"]
[Source "ChessBase"]
[SourceDate "2015.10.29"]
[SourceVersion "1"]
[SourceVersionDate "2015.10.29"]
[SourceQuality "1"]

1. Nf3 f5 2. e4 fxe4 3. Ng5 d5 4. d3 Qd6 5. dxe4 h6 6. Qh5+ g6 7. Qh4 Nf6 8. Nc3 Bg7 9. Nf3 g5 10. e5 gxh4 11. exd6 exd6 12. Nxh4 Kd8 13. Bd3 Re8+ 14. Ne2 Ne4 15. 0-0 Nc5 16. Ng3 Nxd3 17. cxd3 Nc6 18. Nhf5 Bxf5 19. Nxf5 Bf6 20. Bxh6 Kd7 21. Ne3 Rh8 22. Bf4 Bxb2 23. Rab1 Bd4 24. Nxd5 Rh5 25. Ne3 Ra5 26. Rfc1 b6 27. Rc2 Rf8 28. g3 Ra3 29. h4 Rxd3 30. Kg2 Bc5 31. Rd1 Rxd1 32. Nxd1 Nd4 33. Rd2 Rf7 34. Ne3 Ne6 35. Be5 Bxe3 36. fxe3 Nc5 1/2-1/2

[Event "Arco op 37th"]
[Site "Arco"]
[Date "2015.10.13"]
[Round "4"]
[White "Oppici, Gabriele"]
[Black "Trauth, Michael"]
[Result "0-1"]
[WhiteElo "2015"]
[BlackElo "2166"]
[PlyCount "82"]
[EventDate "2015.10.10"]
[EventType "swiss"]
[EventRounds "9"]
[EventCountry "ITA"]
[SourceTitle "CBM 168 Extra"]
[Source "ChessBase"]
[SourceDate "2015.10.29"]
[SourceVersion "1"]
[SourceVersionDate "2015.10.29"]
[SourceQuality "1"]

1. d4 Nf6 2. Bf4 c5 3. e3 d5 4. c3 Nc6 5. Bd3 e6 6. Nf3 Nh5 7. Bg5 Be7 8. Bxe7 Qxe7 9. Nbd2 0-0 10. Ne5 Nf6 11. Qf3 Nd7 12. Qh3 g6 13. f4 f6 14. Nxc6 bxc6 15. 0-0 e5 16. f5 e4 17. Be2 Rf7 18. Qg3 Nf8 19. fxg6 hxg6 20. Rf4 Kg7 21. Raf1 Ne6 22. R4f2 f5 23. h4 cxd4 24. cxd4 f4 25. exf4 Nxd4 26. Bh5 Rf6 27. Re1 Nf5 28. Qg5 Be6 29. Nb3 Kf7 30. Bd1 Rh8 31. h5 gxh5 32. Bxh5+ Kf8 33. Bd1 Rg8 34. Qh5 Rh6 35. Qg5 Rxg5 36. fxg5 Qxg5 37. Nd4 Ke7 38. Nxc6+ Kd6 39. Nxa7 Qh4 40. Rfe2 Qh2+ 41. Kf2 Qf4+ 0-1

[Event "Arco Christmas op 5th"]
[Site "Arco"]
[Date "2014.12.29"]
[Round "5"]
[White "Trauth, Michael"]
[Black "Orfini, Nicolo"]
[Result "1-0"]
[WhiteElo "2175"]
[BlackElo "2024"]
[PlyCount "65"]
[EventDate "2014.12.26"]
[EventType "swiss"]
[EventRounds "7"]
[EventCountry "ITA"]
[SourceTitle "CBM 164 Extra"]
[Source "ChessBase"]
[SourceDate "2015.03.02"]
[SourceVersion "1"]
[SourceVersionDate "2015.03.02"]
[SourceQuality "1"]

1. Nf3 g6 2. c4 Bg7 3. g3 e5 4. Nc3 Nc6 5. Bg2 d6 6. d3 h6 7. Bd2 Nge7 8. Qc1 Be6 9. Rb1 Qd7 10. h4 f5 11. b4 e4 12. b5 Nd8 13. dxe4 Bxc4 14. 0-0 Nf7 15. Nd5 Bxd5 16. exd5 0-0 17. Ne1 Kh7 18. Nd3 Bf6 19. Nf4 Rac8 20. Qc2 Rg8 21. Rfc1 Ne5 22. e4 c6 23. exf5 gxf5 24. dxc6 bxc6 25. bxc6 N7xc6 26. Rb7 Qxb7 27. Qxf5+ Ng6 28. h5 Nce7 29. hxg6+ Rxg6 30. Qxg6+ Nxg6 31. Bxb7 Rxc1+ 32. Bxc1 Ne5 33. Be4+ 1-0

[Event "Arco Christmas op 5th"]
[Site "Arco"]
[Date "2014.12.27"]
[Round "3"]
[White "Trauth, Michael"]
[Black "Siclari, Giovanni"]
[Result "1/2-1/2"]
[WhiteElo "2175"]
[BlackElo "2082"]
[PlyCount "114"]
[EventDate "2014.12.26"]
[EventType "swiss"]
[EventRounds "7"]
[EventCountry "ITA"]
[SourceTitle "CBM 164 Extra"]
[Source "ChessBase"]
[SourceDate "2015.03.02"]
[SourceVersion "1"]
[SourceVersionDate "2015.03.02"]
[SourceQuality "1"]

1. Nf3 Nf6 2. c4 b6 3. g3 c5 4. Bg2 Bb7 5. 0-0 g6 6. Nc3 Bg7 7. d4 cxd4 8. Qxd4 d6 9. b3 Nbd7 10. Bb2 0-0 11. Rfd1 Ne4 12. Qd3 Ndc5 13. Qc2 Nxc3 14. Bxc3 Be4 15. Qd2 Bxc3 16. Qxc3 Qc7 17. Qe3 Qb7 18. Rd4 f5 19. Bh3 Rad8 20. Rad1 Qc7 21. Ng5 e5 22. Rxe4 Nxe4 23. Ne6 Qe7 24. Nxf8 Rxf8 25. Bg2 Nf6 26. Qd2 Rd8 27. Bd5+ Kg7 28. a4 e4 29. Qd4 Qe5 30. e3 Qxd4 31. Rxd4 a5 32. h3 Nd7 33. Rd2 Nc5 34. Rb2 Nd3 35. Rb1 Kf6 36. Kf1 Ke5 37. Ke2 Nb4 38. Rd1 Rf8 39. f4+ exf3+ 40. Bxf3 g5 41. Rd4 h5 42. h4 g4 43. Bg2 Rf6 44. Rd2 Re6 45. Rd4 Kf6 46. Kd2 Na6 47. Rd3 Nc5 48. Rc3 Ke5 49. Ke2 Rf6 50. Rc1 Ke6 51. Rb1 Kd7 52. Bd5 Rf8 53. Rf1 Ke7 54. Rb1 Kf6 55. Bc6 Rc8 56. Bd5 Ke5 57. Bg2 Rb8 1/2-1/2

[Event "Arco op 36th"]
[Site "Arco"]
[Date "2014.10.08"]
[Round "5"]
[White "Trauth, Michael"]
[Black "Altea, Alessandro"]
[Result "0-1"]
[WhiteElo "2166"]
[BlackElo "2063"]
[PlyCount "170"]
[EventDate "2014.10.04"]
[EventType "swiss"]
[EventRounds "9"]
[EventCountry "ITA"]
[SourceTitle "CBM 162 Extra"]
[Source "ChessBase"]
[SourceDate "2014.10.17"]
[SourceVersion "1"]
[SourceVersionDate "2014.10.17"]
[SourceQuality "1"]

1. Nf3 Nf6 2. c4 e6 3. g3 d5 4. b3 Be7 5. Bb2 0-0 6. Bg2 b6 7. 0-0 Bb7 8. e3 dxc4 9. bxc4 c5 10. Nc3 Nc6 11. d3 Qc7 12. Qe2 Rfd8 13. Rfd1 a6 14. Rab1 Rab8 15. Ba1 Ba8 16. Ne1 Na7 17. Bxa8 Rxa8 18. f4 Rab8 19. a4 Ne8 20. Nf3 Nd6 21. e4 Nc6 22. Qb2 Bf8 23. g4 Nc8 24. Ne2 Nb4 25. Qc3 Na7 26. h4 Nac6 27. h5 f6 28. Kg2 Rb7 29. Bb2 Qf7 30. d4 cxd4 31. Nexd4 Rbd7 32. Nxc6 Nxc6 33. Qc2 Nb4 34. Qe2 Nd3 35. Kg3 e5 36. fxe5 fxe5 37. Bxe5 Qxc4 38. Ba1 Qxa4 39. Rxb6 Nf4 40. Kxf4 Rxd1 41. Rxa6 Bd6+ 42. Ne5 Rf8+ 43. Kg3 Qb3+ 44. Kg2 Bb8 45. Qc4+ Qxc4 46. Nxc4 Rc8 47. Ne3 Rd2+ 48. Kf3 Rd3 49. Ke2 Rb3 50. Bd4 Bf4 51. Ra2 Bxe3 52. Bxe3 Rcc3 53. Bf4 Rf3 54. Ra8+ Kf7 55. Ra7+ Ke6 56. Ra6+ Kd7 57. Be5 Rfe3+ 58. Kf2 Rxe4 59. Bxg7 Rf4+ 60. Ke2 Rxg4 61. h6 Rg2+ 62. Kf1 Rh2 63. Kg1 Rc2 64. Rf6 Rb1+ 65. Rf1 Rb6 66. Rf7+ Kc8 67. Rf6 Rxf6 68. Bxf6 Kd7 69. Bg7 Ke6 70. Kf1 Kf5 71. Ke1 Ke4 72. Kd1 Rh2 73. Ke1 Kf3 74. Kd1 Ke3 75. Kc1 Kd3 76. Kb1 Rc2 77. Bf6 Rc6 78. Bg7 Ke4 79. Kb2 Kf5 80. Kb3 Kg6 81. Kb2 Kf7 82. Kb3 Kg8 83. Kb2 Rc7 84. Kb3 Rxg7 85. hxg7 h5 0-1

[Event "Luxembourg-chT 1314"]
[Site "Luxembourg"]
[Date "2014.02.02"]
[Round "6"]
[White "Trauth, Michael"]
[Black "Ackermann, Robert"]
[Result "1/2-1/2"]
[WhiteElo "2165"]
[BlackElo "2041"]
[PlyCount "76"]
[EventDate "2013.10.05"]
[EventType "team-tourn"]
[EventRounds "10"]
[EventCountry "LUX"]
[SourceTitle "EXT 2017"]
[Source "ChessBase"]
[SourceDate "2016.10.25"]
[SourceVersion "1"]
[SourceVersionDate "2016.10.25"]
[SourceQuality "1"]

1. Nf3 d5 2. g3 Nf6 3. b3 g6 4. Bb2 Bg7 5. d3 0-0 6. Bg2 c5 7. 0-0 Nc6 8. Nbd2 Re8 9. e4 dxe4 10. dxe4 Nxe4 11. Nxe4 Bxb2 12. Rb1 Bd4 13. Qe2 Qa5 14. Nxd4 Nxd4 15. Qc4 Ne6 16. Rfd1 Rb8 17. b4 cxb4 18. Rxb4 b5 19. Qb3 a6 20. Qb2 Bb7 21. a4 Bxe4 22. Bxe4 Nc5 23. axb5 Nxe4 24. Rxe4 Rxb5 25. Qd4 Qc7 26. Qa4 Qa5 27. Qd4 Qc7 28. Qa4 Qb7 29. Red4 Qc6 30. Rc4 Qb7 31. Rcd4 Ra8 32. Rd7 Qf3 33. R7d3 Qf5 34. Qa3 Re5 35. Qc3 Qf6 36. Rd7 Re2 37. Qxf6 exf6 38. Rc7 Ree8 1/2-1/2

[Event "Arco Christmas op 4th"]
[Site "Arco"]
[Date "2013.12.29"]
[Round "5"]
[White "Trauth, Michael"]
[Black "Lezzerini, Marco"]
[Result "1/2-1/2"]
[WhiteElo "2199"]
[BlackElo "1990"]
[PlyCount "72"]
[EventDate "2013.12.26"]
[EventType "swiss"]
[EventRounds "7"]
[EventCountry "ITA"]
[SourceTitle "CBM 158 Extra"]
[Source "ChessBase"]
[SourceDate "2014.02.28"]
[SourceVersion "1"]
[SourceVersionDate "2014.02.28"]
[SourceQuality "1"]

1. Nf3 Nf6 2. c4 g6 3. g3 Bg7 4. Bg2 0-0 5. Nc3 d6 6. 0-0 a6 7. d3 e5 8. Rb1 h6 9. c5 Nc6 10. cxd6 cxd6 11. b4 Be6 12. a4 Rc8 13. b5 Ne7 14. Bb2 Ned5 15. Nxd5 Nxd5 16. Nd2 axb5 17. axb5 b6 18. Nc4 Ne7 19. Qa4 e4 20. Bxg7 Kxg7 21. Rfc1 exd3 22. exd3 Rc5 23. d4 Rc8 24. Qb4 Rxc4 25. Rxc4 Bxc4 26. Qxc4 d5 27. Qb4 Qd7 28. Re1 Re8 29. h4 h5 30. Re5 Kg8 31. Qb3 Rd8 32. Qa3 Re8 33. Qe3 Kf8 34. Qh6+ Kg8 35. Qg5 Kg7 36. Qe3 Kf8 1/2-1/2

[Event "Luxembourg-chT 1314"]
[Site "Luxembourg"]
[Date "2013.12.10"]
[Round "3"]
[White "Trauth, Michael"]
[Black "Wilwert, Loris"]
[Result "1-0"]
[WhiteElo "2165"]
[BlackElo "1546"]
[PlyCount "89"]
[EventDate "2013.10.05"]
[EventType "team-tourn"]
[EventRounds "10"]
[EventCountry "LUX"]
[SourceTitle "EXT 2017"]
[Source "ChessBase"]
[SourceDate "2016.10.25"]
[SourceVersion "1"]
[SourceVersionDate "2016.10.25"]
[SourceQuality "1"]

1. Nf3 d5 2. c4 Bf5 3. cxd5 Bxb1 4. Qa4+ c6 5. dxc6 Nxc6 6. Rxb1 e6 7. e3 Bd6 8. Be2 Nf6 9. 0-0 0-0 10. d3 Rc8 11. Bd2 Qb6 12. Bc3 Nd7 13. d4 Bb4 14. Rfc1 Qa5 15. Qb3 Bxc3 16. bxc3 Nb6 17. c4 Qf5 18. Qd3 Qxd3 19. Bxd3 Rc7 20. g3 g6 21. Ng5 Na5 22. c5 Nd5 23. Ne4 b6 24. Nd6 Nb7 25. Nb5 Re7 26. Nxa7 bxc5 27. Nc6 Rc7 28. dxc5 Ra8 29. Rb2 Rxc6 30. Rxb7 Rxa2 31. e4 Nf6 32. Bb5 Rc8 33. e5 Ng4 34. Bd7 Raa8 35. Bxc8 Rxc8 36. c6 Nxe5 37. c7 Nd7 38. Rd1 Nf6 39. Rd8+ Rxd8 40. cxd8Q+ Kg7 41. Qe7 Kh6 42. Qxf6 e5 43. Rb4 e4 44. Rxe4 Kh5 45. Qh4# 1-0